Open Data Biblioteca Nacional de Portugal


República Portuguesa: Ministério da Cultura
Biblioteca Nacional de Portugal

Catálogo da BNP: acesso por Identificadores Unívocos
Registos Bibliográficos associados ao registo de autoridade

Etiqueta de registo: 00254nam 2200025 450
001 2286391
003 http://id.bnportugal.gov.pt/bib/catbnp/2286391
010 ## $a978-989-33-9335-2
021 ## $aPT$b560876/26
100 ## $a20260515d2026 m y0pory01030103ba
101 0# $apor
102 ## $aPT
105 ## $aa z 000yd
106 ## $ar
200 1# $aMemória sobre esgrima$fManuel Cid$ged. transcrição e notas Paulo Jorge da Silva Lopes
205 ## $a1ª ed
210 #9 $aLisboa$cStafffighter's Library,$d2026
215 ## $a49, [1] p.$cil.$d23 cm
324 ## $aFac-simíle da ed. do Arquivo Histórico Militar
675 ## $a796.86(035)$vBN$zpor$31334379
675 ## $a821.134.3-94"18"$vBN$zpor$3291996
675 ## $a808.2$vBN$zpor$3288933
675 ## $a091.0$vBN$zpor$3336550
700 #1 $aCid,$bManuel,$f1850-1902$31998539
702 #1 $aLopes,$bPaulo Jorge da Silva,$f1976-$4340$31799110
801 #0 $aPT$bBN$gRPC
856 41 $uhttp://rnod.bnportugal.gov.pt/ImagesBN/winlibimg.aspx?skey=&doc=2286391&img=223570&save=true
966 ## $lBN$mFGMON$sB.A. 53852 V.$x1
971 ## $cisantos$d20260515
973 ## $cigoulao$d20260618

Etiqueta de registo: 00000nam 2200025 450
001 2062275
003 http://id.bnportugal.gov.pt/bib/catbnp/2062275
010 ## $a978-989-782-179-0
021 ## $aPT$b475254/20
100 ## $a20201223d2020 m y0pory01030103ba
101 0# $apor
102 ## $aPT
105 ## $aa z 000yy
106 ## $ar
200 1# $a O jogo do pau português$e a arte marcial portuguesa, uma tradição com séculos de prática$fPaulo Lopes
205 ## $a1ª ed
210 #9 $aPorto$c5Livros.pt,$d2020
215 ## $a227, [2] p.$cil.$d24 cm
675 ## $a796.85(469)(091)$vBN$zpor$31470064
700 #1 $aLopes,$bPaulo Jorge da Silva,$f1976-$31799110
801 #0 $aPT$bBN$gRPC
856 41 $uhttp://rnod.bnportugal.gov.pt/ImagesBN/winlibimg.aspx?skey=&doc=2062275&img=147051&save=true
900 ## $aBIBNAC$d20210323
966 ## $lBN$mFGMON$sB.A. 45796 V.$x1

Etiqueta de registo: 00254nam 2200025 450
001 2240481
003 http://id.bnportugal.gov.pt/bib/catbnp/2240481
010 ## $a978-989-33-8973-7
021 ## $aPT$b558312/25
100 ## $a20260102d2025 m y0pory01030103ba
101 1# $apor$arus$crus
102 ## $aPT
105 ## $aa z 000yy
106 ## $ar
200 1# $aDescrição das regras da arte da esgrima$emanual para o ensino nas forças armadas e instituições militares do Império Russo.$hParte 5,$iSobre a esgrima com paus$fNikolai Vlasievich Sokolov$gtrad., notas Paulo Jorge da Silva Lopes
205 ## $a2ª ed
210 #9 $aLisboa$cNúcleo de Investigação Histórica do Jogo do Pau Português,$d2025
215 ## $a72 p.$cil.$d23 cm
305 ## $aEd. bilingue em português e russo
675 ## $a796.86(035)$vBN$zpor$31334379
700 #1 $aSokolov,$bNikolai Vlasievich$31975081
702 #1 $aLopes,$bPaulo Jorge da Silva,$f1976-$4730$31799110
801 #0 $aPT$bBN$gRPC
856 41 $uhttp://rnod.bnportugal.gov.pt/ImagesBN/winlibimg.aspx?skey=&doc=2240481&img=218011&save=true
900 ## $aBIBNAC$d20260127
966 ## $lBN$mFGMON$sB.A. 53143 V.$x1
971 ## $casantos$d20260102
972 ## $e0$z0$d20260127$vlrevez
973 ## $cacosta$d20260119

Etiqueta de registo: 00254nam 2200025 450
001 2288130
003 http://id.bnportugal.gov.pt/bib/catbnp/2288130
010 ## $a978-989-33-9300-0
021 ## $aPT$b564367/26
100 ## $a20260617d2026 m y0pory01030103ba
101 1# $aeng$cpor
102 ## $aPT
105 ## $aa z 000yy
106 ## $ar
200 1# $aPortuguese jogo do pau$e the portuguese martial art, a tradition with centuries of practice$fPaulo Jorge da Silva Lopes$gtransl. and notes Didi Cardoso$gRicardo Moura
205 ## $a1st ed
210 #9 $aLisbon$cStafffigiiter's Library$cNúcleo de Investigação Histórica do Jogo do Pau Português,$d2026
215 ## $a223 p.$cil.$d23 cm
304 ## $aTít. orig.: O jogo do pau português : a arte marcial portuguesa, uma tradição com séculos de prática
700 #1 $aLopes,$bPaulo Jorge da Silva,$f1976-$31799110
702 #1 $aCardoso,$bDidi$4730$32000267
702 #1 $aMoura,$bRicardo de$4080$31838125
801 #0 $aPT$bBN$gRPC
966 ## $lBN$mFGMON$x1
971 ## $cabrito$d20260617

OpendataBNP@bnportugal.pt | Mais informação sobre acesso aos dados BNP